[Event "Lichtenrader Herbst"]
[Site "?"]
[Date "2008.10.23"]
[Round "6.16"]
[White "Nekrasova, Katerina"]
[Black "Witte, Ronald"]
[Result "0-1"]
[WhiteElo "1780"]
[BlackElo "2057"]
[PlyCount "54"]
[EventDate "2008.??.??"]

1. e4 c5 2. Nf3 d6 3. Bc4 e6 4. Bb3 Nf6 5. d3 Nc6 6. c3 Be7 7. O-O O-O 8. Re1
e5 9. Nbd2 Be6 10. Bc2 Nd7 11. Nf1 d5 12. d4 cxd4 13. cxd4 exd4 14. Nxd4 Nxd4
15. Qxd4 Bc5 16. Qd3 dxe4 17. Qxe4 Nf6 18. Qxb7 Ng4 19. Ne3 Nxf2 20. Kxf2 Bd5
21. Qb5 Qh4+ 22. Ke2 Bxe3 23. Bd3 Qf2+ 24. Kd1 Bxc1 25. Rxc1 Bxg2 26. Rc2 Bf3+
27. Be2 Rfd8+ 0-1

[Event "Lichtenrader Herbst"]
[Site "?"]
[Date "2008.10.23"]
[Round "6.17"]
[White "Schulz, Michael"]
[Black "Lerch, Philipp"]
[Result "1-0"]
[WhiteElo "2052"]
[BlackElo "1904"]
[PlyCount "97"]
[EventDate "2008.??.??"]

1. e4 c5 2. Nf3 Nc6 3. d4 cxd4 4. Nxd4 Nf6 5. Nc3 e5 6. Ndb5 d6 7. Bg5 a6 8.
Na3 b5 9. Nd5 Be7 10. Bxf6 Bxf6 11. c3 O-O 12. Nc2 Bg5 13. Nce3 Bxe3 14. Nxe3
Be6 15. Be2 Ne7 16. Bf3 Rc8 17. O-O Qd7 18. Qe2 f5 19. exf5 Nxf5 20. Rfd1 Rfd8
21. Bd5 Nxe3 22. fxe3 Kh8 23. Bxe6 Qxe6 24. a4 Qb3 25. axb5 axb5 26. Ra3 Qf7
27. Ra5 d5 28. Rxb5 Qe6 29. b3 Qa6 30. h3 Qc6 31. c4 dxc4 32. Rxd8+ Rxd8 33.
Qxc4 Qg6 34. Rxe5 Qg3 35. Qd4 Rc8 36. Rf5 Rc1+ 37. Rf1 Rxf1+ 38. Kxf1 Qc7 39.
Kg1 h6 40. Qf4 Qb6 41. b4 Qg6 42. Kh2 Qb6 43. Qf8+ Kh7 44. Qf5+ Kh8 45. Qc5
Qb8+ 46. Kg1 Qa8 47. b5 Qa1+ 48. Kh2 Qb2 49. b6 1-0

[Event "Lichtenrader Herbst"]
[Site "?"]
[Date "2008.10.23"]
[Round "6.18"]
[White "Jaeger, Andre"]
[Black "Schmalzried, Volker"]
[Result "0-1"]
[WhiteElo "2028"]
[BlackElo "1744"]
[PlyCount "92"]
[EventDate "2008.??.??"]

1. d4 Nf6 2. c4 c5 3. Nf3 cxd4 4. Nxd4 Nc6 5. Nc3 g6 6. g3 Bg7 7. Bg2 O-O 8.
O-O Nxd4 9. Qxd4 d6 10. Qd3 a6 11. Rd1 Qc7 12. Bg5 Be6 13. b3 Rab8 14. Rac1 Qc5
15. Nd5 Bxd5 16. cxd5 Qa5 17. Rc2 Rbc8 18. Rdc1 Rxc2 19. Rxc2 Ng4 20. e4 f6 21.
Bd2 Qb6 22. Qe2 f5 23. h3 fxe4 24. Qxg4 Qxf2+ 25. Kh1 Bd4 26. Qd1 e3 27. Be1 e2
28. Qxd4 Qxd4 29. Rxe2 Rf7 30. Kh2 Qd3 31. Re4 Qxd5 32. Rc4 Qd3 33. Bc3 e5 34.
Rc8+ Kg7 35. Bb4 d5 36. Bd6 Qf5 37. Re8 e4 38. Be5+ Rf6 39. Re7+ Kf8 40. Bxf6
Qxf6 41. Rxb7 e3 42. Rb8+ Ke7 43. Rb7+ Kd8 44. Bxd5 e2 45. Rb8+ Kc7 46. Rb7+
Kc8 0-1

[Event "Lichtenrader Herbst"]
[Site "?"]
[Date "2008.10.23"]
[Round "6.20"]
[White "Grassi, Fabrizio"]
[Black "Jaeschke, Jens-Uwe"]
[Result "1/2-1/2"]
[WhiteElo "1969"]
[BlackElo "2185"]
[PlyCount "41"]
[EventDate "2008.??.??"]

1. d4 g6 2. Bf4 Bg7 3. e3 d6 4. Nf3 f5 5. Bc4 e6 6. c3 Nf6 7. Nbd2 Nc6 8. h4
O-O 9. Bg5 Qe8 10. Bxf6 Bxf6 11. e4 d5 12. e5 dxc4 13. exf6 e5 14. dxe5 Nxe5
15. O-O Nxf3+ 16. Qxf3 Qf7 17. Rfe1 Be6 18. Qxb7 Bd5 19. Qa6 Qxf6 20. Qxf6 Rxf6
21. b4 1/2-1/2

[Event "Lichtenrader Herbst"]
[Site "?"]
[Date "2008.10.24"]
[Round "7.2"]
[White "Glantz, Robert"]
[Black "Rudolf, Henrik"]
[Result "1-0"]
[WhiteElo "2197"]
[BlackElo "2368"]
[PlyCount "81"]
[EventDate "2008.??.??"]

1. e4 c5 2. Nf3 e6 3. Nc3 d6 4. d4 cxd4 5. Nxd4 Nf6 6. g4 e5 7. Nf5 h5 8. Bg5
hxg4 9. Qd3 Rh5 10. Bxf6 Qxf6 11. Nd5 Qd8 12. O-O-O Nc6 13. Be2 g6 14. Nfe3 Rh3
15. Rhg1 Bh6 16. Kb1 Bxe3 17. fxe3 Rxh2 18. Bxg4 Ne7 19. Rh1 Rxh1 20. Rxh1 Ng8
21. Bxc8 Rxc8 22. Rh8 Kf8 23. Qf1 Qg5 24. Nf6 Ke7 25. Rxg8 Rxg8 26. Nxg8+ Kf8
27. Nf6 Qxe3 28. a3 Qf4 29. Qxf4 exf4 30. Kc1 Kg7 31. Ng4 g5 32. Kd2 Kg6 33.
Ke2 b5 34. b4 d5 35. exd5 f5 36. d6 Kf7 37. Ne5+ Ke6 38. d7 Ke7 39. Kf3 a6 40.
c3 Kd8 41. Nf7+ 1-0

[Event "Lichtenrader Herbst"]
[Site "?"]
[Date "2008.10.24"]
[Round "7.5"]
[White "Kaphle, Stephan"]
[Black "Meißner, Hans-Jürgen"]
[Result "1-0"]
[WhiteElo "2170"]
[BlackElo "2216"]
[PlyCount "87"]
[EventDate "2008.??.??"]

1. e4 e5 2. Nf3 Nc6 3. Bb5 a6 4. Ba4 Nf6 5. O-O b5 6. Bb3 d6 7. c3 Be7 8. a4
Bd7 9. Re1 Na5 10. Bc2 c5 11. d4 Nc6 12. d5 Na5 13. Nbd2 O-O 14. b4 Nb7 15. a5
Qc7 16. Bd3 c4 17. Bb1 g6 18. Nf1 Nh5 19. Bh6 Ng7 20. Ng3 Nd8 21. Nd2 f6 22.
Ra2 Nf7 23. Be3 Rae8 24. Ndf1 Bd8 25. h3 Qc8 26. Nh2 Kh8 27. Rb2 Bc7 28. Qc1
Rg8 29. f3 Qd8 30. Ng4 f5 31. exf5 gxf5 32. Nh6 Nxh6 33. Bxh6 Ref8 34. f4 e4
35. Bg5 Qc8 36. Kh2 Ne8 37. Qe3 Rg6 38. Qd4+ Kg8 39. h4 h6 40. h5 Rxg5 41. fxg5
hxg5 42. Nxe4 Qd8 43. Ng3 g4 44. Re7 1-0

[Event "Lichtenrader Herbst"]
[Site "?"]
[Date "2008.10.24"]
[Round "7.6"]
[White "Boewer, Roland"]
[Black "Poseck, Steffen"]
[Result "1/2-1/2"]
[WhiteElo "2238"]
[BlackElo "2092"]
[PlyCount "62"]
[EventDate "2008.??.??"]

1. e4 d5 2. exd5 Qxd5 3. Nc3 Qa5 4. d4 Nf6 5. Nf3 c6 6. Bd2 Bf5 7. Ne4 Qb6 8.
Nxf6+ gxf6 9. b3 e6 10. g3 c5 11. Bg2 Nc6 12. Nh4 Nxd4 13. Nxf5 Nxf5 14. Qf3
O-O-O 15. O-O-O Nd4 16. Qxf6 c4 17. Be3 Bc5 18. Bxd4 Bxd4 19. Qf3 a5 20. c3
Bxf2 21. Kc2 cxb3+ 22. axb3 f5 23. Rhf1 Rxd1 24. Rxd1 Rd8 25. Qxb7+ Qxb7 26.
Bxb7+ Kc7 27. Rxd8 Kxd8 28. Kd3 Kc7 29. Ba6 Kd6 30. Ke2 Bb6 31. Bc8 h6 1/2-1/2

[Event "Lichtenrader Herbst"]
[Site "?"]
[Date "2008.10.24"]
[Round "7.8"]
[White "Behrmann, Joachim"]
[Black "Schulz, Michael"]
[Result "1/2-1/2"]
[WhiteElo "2204"]
[BlackElo "2052"]
[PlyCount "43"]
[EventDate "2008.??.??"]

1. d4 Nf6 2. c4 g6 3. Nc3 Bg7 4. e4 d6 5. Nf3 O-O 6. Be2 Na6 7. Be3 c5 8. d5
Ng4 9. Bg5 h6 10. Bh4 Bd7 11. Nd2 Nf6 12. f4 Nh7 13. O-O f5 14. Bd3 Qb6 15. Rb1
Rae8 16. a3 Nc7 17. Qf3 Rf7 18. Kh1 Ref8 19. exf5 gxf5 20. Qh3 e5 21. dxe6 Bxe6
22. Rfe1 1/2-1/2

[Event "Lichtenrader Herbst"]
[Site "?"]
[Date "2008.10.24"]
[Round "7.9"]
[White "Witte, Ronald"]
[Black "Maahs, Erich"]
[Result "0-1"]
[WhiteElo "2057"]
[BlackElo "2151"]
[PlyCount "64"]
[EventDate "2008.??.??"]

1. d4 d5 2. Nf3 Bf5 3. c4 e6 4. Nc3 Nc6 5. cxd5 exd5 6. Bf4 Nf6 7. e3 Bd6 8.
Ne5 Ne7 9. Bd3 c6 10. Bxf5 Nxf5 11. O-O O-O 12. Qf3 Nh4 13. Qh3 Nh5 14. Bg3
Nxg3 15. hxg3 Ng6 16. Nxg6 fxg6 17. g4 Qd7 18. f4 Rae8 19. Rf3 Re7 20. g5 Qf5
21. Raf1 Rfe8 22. g4 Qc2 23. Nd1 c5 24. R3f2 Qd3 25. Rh2 cxd4 26. Qxh7+ Kf7 27.
Rh6 Rxe3 28. Nxe3 Rxe3 29. Rf2 Re1+ 30. Kh2 Qe4 31. Kg3 Rg1+ 32. Kh3 Qe3+ 0-1

[Event "Lichtenrader Herbst"]
[Site "?"]
[Date "2008.10.24"]
[Round "7.10"]
[White "Schmalzried, Volker"]
[Black "Kaphle, Sebastian"]
[Result "0-1"]
[WhiteElo "1744"]
[BlackElo "2109"]
[PlyCount "74"]
[EventDate "2008.??.??"]

1. c4 Nf6 2. Nc3 c5 3. Nf3 Nc6 4. d4 cxd4 5. Nxd4 g6 6. g3 Bg7 7. Bg2 O-O 8.
O-O Ng4 9. Nxc6 dxc6 10. Qc2 Qa5 11. Bd2 Qe5 12. Rad1 Be6 13. Bf4 Qc5 14. b3
Rad8 15. Ne4 Qa5 16. Bd2 Qb6 17. h3 Nf6 18. Be3 Qc7 19. Nxf6+ Bxf6 20. Bh6 Rfe8
21. Rxd8 Rxd8 22. Rd1 Bd4 23. Rd2 Bc5 24. Rxd8+ Qxd8 25. Qd2 Qb6 26. Qf4 Bd6
27. Qd2 Qc7 28. h4 Be5 29. h5 Bg4 30. hxg6 hxg6 31. Qg5 Bxe2 32. Be4 Qd6 33.
Qe3 Kh7 34. Qxe2 Kxh6 35. Qe3+ Kg7 36. Qxa7 Bd4 37. Qxb7 Qxg3+ 0-1

[Event "Lichtenrader Herbst"]
[Site "?"]
[Date "2008.10.24"]
[Round "7.11"]
[White "Friedrich, Wiede"]
[Black "Dauth, Benjamin"]
[Result "0-1"]
[WhiteElo "2036"]
[BlackElo "2266"]
[PlyCount "34"]
[EventDate "2008.??.??"]

1. e4 e5 2. Nf3 Nc6 3. Bb5 f5 4. d3 fxe4 5. dxe4 Nf6 6. O-O Bc5 7. Bg5 d6 8.
Nc3 O-O 9. Nd5 Kh8 10. a3 Bg4 11. c3 Ne7 12. Nxe7 Qxe7 13. b4 Bb6 14. Be2 Qe6
15. Qd3 Nh5 16. c4 Qg6 17. Be3 Bxf3 0-1

[Event "Lichtenrader Herbst"]
[Site "?"]
[Date "2008.10.24"]
[Round "7.12"]
[White "Gruzmann, Boris"]
[Black "Lindemann, Frank"]
[Result "1-0"]
[WhiteElo "2254"]
[BlackElo "2022"]
[PlyCount "86"]
[EventDate "2008.??.??"]

1. e4 e5 2. Nf3 Nc6 3. Bb5 a6 4. Ba4 Bc5 5. c3 Qf6 6. O-O b5 7. Bb3 Nge7 8. d4
Bb6 9. Bg5 Qd6 10. Be3 Ng6 11. Bd5 Qe7 12. Ng5 f6 13. Nh3 Rb8 14. f4 exd4 15.
cxd4 Qb4 16. a3 Qd6 17. Nc3 Kd8 18. Qd2 Bb7 19. Rad1 Kc8 20. Kh1 Na5 21. e5 Qf8
22. Qd3 Qe8 23. f5 Nh4 24. Bxb7+ Rxb7 25. g3 fxe5 26. gxh4 Nc4 27. Rde1 Nxb2
28. Qe4 Ba5 29. Rc1 Bb6 30. Nd5 exd4 31. Nxb6+ Rxb6 32. Qxe8+ Rxe8 33. Bxd4 Nd3
34. Rcd1 c5 35. Rxd3 cxd4 36. Rxd4 Re3 37. Ng5 h6 38. Rc1+ Kd8 39. Ne6+ Ke7 40.
Nxg7 Rxa3 41. Rc7 b4 42. Rdxd7+ Kf6 43. Rd5 Ra1+ 1-0

[Event "Lichtenrader Herbst"]
[Site "?"]
[Date "2008.10.24"]
[Round "7.13"]
[White "Sawlin, Michail"]
[Black "Völz, Stephan"]
[Result "1/2-1/2"]
[WhiteElo "2227"]
[BlackElo "2010"]
[PlyCount "102"]
[EventDate "2008.??.??"]

1. d4 Nf6 2. g3 d5 3. Bg2 c6 4. Nc3 e6 5. e4 dxe4 6. Nxe4 Nxe4 7. Bxe4 Nd7 8.
Be3 Bd6 9. Ne2 Nf6 10. Bg2 O-O 11. O-O e5 12. c3 Nd5 13. Bxd5 cxd5 14. dxe5
Bxe5 15. Bf4 Bf6 16. Qd2 Bh3 17. Rfe1 d4 18. Nxd4 Qd5 19. f3 Rad8 20. Kf2 g5
21. Be3 g4 22. Qe2 Rfe8 23. Qb5 gxf3 24. Qxd5 Rxd5 25. Nxf3 Ra8 26. Rad1 Rxd1
27. Rxd1 h5 28. Rd6 Be6 29. a3 Be7 30. Rd2 a6 31. h4 Rd8 32. Bd4 Rd5 33. Ke3
Bd8 34. c4 Rd6 35. b3 Bc7 36. Ng5 Bf5 37. Rf2 Bg6 38. Rd2 Rd8 39. Kf3 Be5 40.
Bc3 Rxd2 41. Bxd2 Bb2 42. Ne4 Bxa3 43. Kf4 Be7 44. Bc3 Kf8 45. Ke5 Ke8 46. Kd5
Kd7 47. Nd2 Bc2 48. c5 Bd1 49. b4 Bf8 50. Be5 Bh6 51. Bf4 Bg7 1/2-1/2

[Event "Lichtenrader Herbst"]
[Site "?"]
[Date "2008.10.24"]
[Round "7.14"]
[White "Hämmerlein, Thomas"]
[Black "Bachran, Boris"]
[Result "1-0"]
[WhiteElo "2179"]
[BlackElo "1960"]
[PlyCount "91"]
[EventDate "2008.??.??"]

1. e4 c5 2. Nf3 Nc6 3. Bc4 e6 4. Qe2 a6 5. c3 b5 6. Bb3 c4 7. Bc2 Bb7 8. b3
cxb3 9. axb3 d5 10. d4 dxe4 11. Bxe4 Be7 12. Ne5 Qc8 13. O-O Nxe5 14. dxe5 Bxe4
15. Qxe4 Bc5 16. Qg4 g6 17. Nd2 f5 18. exf6 Nxf6 19. Qh4 O-O 20. Nf3 Nd5 21.
Ng5 Ra7 22. c4 bxc4 23. bxc4 Nc3 24. Qg4 h5 25. Qh4 e5 26. Be3 Ne2+ 27. Kh1 Nd4
28. Qe4 Rf5 29. Ra5 Rc7 30. Rb1 Kh8 31. h3 Nb3 32. Rxb3 Bxe3 33. Qxe3 Rxc4 34.
Rxe5 Rc1+ 35. Kh2 Qc7 36. f4 Rxe5 37. Qxe5+ Qxe5 38. Nf7+ Kg7 39. Nxe5 Rc5 40.
Rb7+ Kh6 41. Rb6 Kh7 42. Rxa6 g5 43. Ra7+ Kg8 44. Nd7 Rf5 45. fxg5 Rxg5 46.
Nf6+ 1-0

[Event "Lichtenrader Herbst"]
[Site "?"]
[Date "2008.10.24"]
[Round "7.16"]
[White "Dünzel, Jonas"]
[Black "Mahn, Franko"]
[Result "1/2-1/2"]
[WhiteElo "2007"]
[BlackElo "2167"]
[PlyCount "53"]
[EventDate "2008.??.??"]

1. e4 Nf6 2. e5 Nd5 3. d4 d6 4. c4 Nb6 5. exd6 exd6 6. Nc3 Be7 7. Nf3 O-O 8.
Be2 Re8 9. O-O Bf6 10. Be3 Nc6 11. Rc1 Bg4 12. b3 Ne7 13. Ne4 Nf5 14. Nxf6+
Qxf6 15. Qd2 Nxe3 16. fxe3 Qh6 17. Rc3 Re7 18. h3 Bd7 19. e4 Rxe4 20. Qxh6 gxh6
21. Bd3 Rf4 22. g3 Rf6 23. Nh4 Rxf1+ 24. Bxf1 Re8 25. Kf2 Nc8 26. Bg2 c6 27.
Rf3 1/2-1/2

[Event "Lichtenrader Herbst"]
[Site "?"]
[Date "2008.10.24"]
[Round "7.17"]
[White "Hein, Carsten"]
[Black "Fuchs, Jörg"]
[Result "1-0"]
[WhiteElo "2154"]
[BlackElo "1903"]
[PlyCount "83"]
[EventDate "2008.??.??"]

1. d4 Nf6 2. Nf3 c5 3. g3 cxd4 4. Nxd4 e6 5. Bg2 Be7 6. e4 O-O 7. O-O d6 8. c4
a6 9. Nc3 Qc7 10. Qe2 Nbd7 11. Bd2 Rb8 12. Rac1 Re8 13. Rfd1 Ne5 14. b3 Bd7 15.
h3 Ng6 16. Be3 Qc8 17. Kh2 Kh8 18. Nf3 Rg8 19. Bb6 Qf8 20. Bd4 Rd8 21. e5 Ne8
22. exd6 Nxd6 23. Bb6 Rc8 24. c5 Bb5 25. Qd2 Nf5 26. Nxb5 axb5 27. b4 h5 28.
Nd4 h4 29. Nxf5 exf5 30. Bxb7 hxg3+ 31. fxg3 f4 32. gxf4 Nh4 33. Qd7 f5 34.
Qxc8 Qf6 35. Qd7 Qb2+ 36. Qd2 Qf6 37. Qf2 g5 38. Rd6 Bxd6 39. cxd6 Qh6 40. Bd4+
Kh7 41. Rc7+ Rg7 42. Rxg7+ 1-0

[Event "Lichtenrader Herbst"]
[Site "?"]
[Date "2008.10.24"]
[Round "7.20"]
[White "Grochowalski, Pawel"]
[Black "Zahn, Benno"]
[Result "1/2-1/2"]
[WhiteElo "2096"]
[BlackElo "1820"]
[PlyCount "87"]
[EventDate "2008.??.??"]

1. d4 Nf6 2. c4 g6 3. Nc3 Bg7 4. e4 d6 5. g3 O-O 6. Bg2 Nbd7 7. Nge2 e5 8. d5
Ne8 9. O-O f5 10. f3 h6 11. Be3 Ndf6 12. Qd3 Nh5 13. Bf2 f4 14. g4 Nhf6 15.
Rfc1 h5 16. h3 hxg4 17. fxg4 Nxg4 18. hxg4 Bxg4 19. Bf3 Bh3 20. Kh2 Bd7 21. Rg1
Kf7 22. Kg2 Rh8 23. Kf1 Rh3 24. Rg2 Rh1+ 25. Rg1 Rxg1+ 26. Nxg1 Nf6 27. c5 g5
28. c6 bxc6 29. dxc6 Bxc6 30. Nd5 g4 31. Bd1 Bxd5 32. exd5 e4 33. Qc4 Qe7 34.
Bh4 f3 35. Bc2 Re8 36. Re1 e3 37. Bf5 Qe5 38. Be6+ Kf8 39. Bxf6 Qg3 40. Bxg7+
Ke7 41. Bf6+ Kf8 42. Bg7+ Ke7 43. Bf6+ Kf8 44. Bg7+ 1/2-1/2

[Event "Lichtenrader Herbst"]
[Site "?"]
[Date "2008.10.25"]
[Round "8.1"]
[White "Reichenbach, Werner"]
[Black "Graf, Alexander"]
[Result "0-1"]
[WhiteElo "2285"]
[BlackElo "2636"]
[PlyCount "74"]
[EventDate "2008.??.??"]

1. e4 e6 2. d4 d5 3. Nc3 Nc6 4. Nf3 Nf6 5. e5 Ne4 6. Ne2 Bd7 7. Ng3 f5 8. exf6
Qxf6 9. Bd3 Nxg3 10. hxg3 h6 11. c3 g5 12. Qe2 Bd6 13. Bb5 O-O-O 14. Bd2 a6 15.
Bxc6 Bxc6 16. Ne5 Bxe5 17. dxe5 Qg6 18. Be3 d4 19. Bxd4 Bxg2 20. Rg1 Bd5 21. b3
Rhf8 22. f4 gxf4 23. gxf4 Qf5 24. Be3 Rg8 25. O-O-O h5 26. Qf2 Rxg1 27. Rxg1
Rh8 28. Bd2 b6 29. Qh4 Qd3 30. Rg3 Qf1+ 31. Kb2 Rd8 32. Qh2 Be4 33. Ka3 h4 34.
Re3 Bg2 35. Be1 h3 36. f5 Qxf5 37. Qg3 Qc2 0-1

[Event "Lichtenrader Herbst"]
[Site "?"]
[Date "2008.10.25"]
[Round "8.2"]
[White "Meister, Jakob"]
[Black "Kiesekamp, Marcos"]
[Result "1-0"]
[WhiteElo "2481"]
[BlackElo "2338"]
[PlyCount "91"]
[EventDate "2008.??.??"]

1. e4 e5 2. Nf3 Nc6 3. Bb5 a6 4. Ba4 Nf6 5. Qe2 b5 6. Bb3 Be7 7. d4 d6 8. c3
O-O 9. O-O Bg4 10. Rd1 Bh5 11. Bg5 Re8 12. a4 exd4 13. cxd4 Na5 14. Bc2 b4 15.
Nbd2 Nxe4 16. Nxe4 Bxg5 17. Qd3 Bg6 18. Nfxg5 d5 19. Qf3 h6 20. Nxf7 dxe4 21.
Nxd8 exf3 22. Bxg6 Rexd8 23. Be4 Rab8 24. Rac1 Nb3 25. Rc4 c5 26. d5 Rd6 27.
Rd3 Nd4 28. gxf3 Ne2+ 29. Kf1 Nf4 30. Rd2 Kf7 31. Rxc5 Kf6 32. Rdc2 Ke5 33. Ra5
Kd4 34. b3 g5 35. Rc4+ Ke5 36. Ke1 Rbb6 37. Rc8 Kd4 38. Kd2 Rd7 39. Rc6 Rd6 40.
Rac5 Ke5 41. Kc2 Ne2 42. Rxb6 Rxb6 43. Kd3 Nf4+ 44. Kc4 Rd6 45. a5 g4 46. Rc6
1-0

[Event "Lichtenrader Herbst"]
[Site "?"]
[Date "2008.10.25"]
[Round "8.3"]
[White "Kaphle, Stephan"]
[Black "Glantz, Robert"]
[Result "1/2-1/2"]
[WhiteElo "2170"]
[BlackElo "2197"]
[PlyCount "83"]
[EventDate "2008.??.??"]

1. e4 c5 2. Nf3 d6 3. d4 cxd4 4. Nxd4 Nf6 5. Nc3 a6 6. Be3 e5 7. Nf3 Be7 8. Bc4
O-O 9. O-O Nc6 10. Re1 Be6 11. Bb3 Rc8 12. Qe2 Na5 13. Rad1 Nc4 14. Ng5 b5 15.
Nxe6 fxe6 16. a4 Qd7 17. Bc1 Bd8 18. axb5 axb5 19. Rd3 Bb6 20. Red1 Bd4 21. Rf3
Qc6 22. Bg5 Nd7 23. Bxc4 bxc4 24. Be7 Rxf3 25. Qxf3 Re8 26. Bh4 Nc5 27. Re1 Qb6
28. Ne2 Qxb2 29. Nxd4 exd4 30. Qg3 e5 31. Bf6 Ne6 32. Rf1 Qxc2 33. f4 Qxe4 34.
f5 Kh8 35. fxe6 gxf6 36. Rxf6 Ra8 37. e7 Ra1+ 38. Rf1 Rxf1+ 39. Kxf1 Qf5+ 40.
Qf3 Qb1+ 41. Kf2 Qc2+ 42. Kf1 1/2-1/2

[Event "Lichtenrader Herbst"]
[Site "?"]
[Date "2008.10.25"]
[Round "8.5"]
[White "Kaphle, Sebastian"]
[Black "Rudolf, Henrik"]
[Result "0-1"]
[WhiteElo "2109"]
[BlackElo "2368"]
[PlyCount "60"]
[EventDate "2008.??.??"]

1. e4 c5 2. Nf3 e6 3. d4 cxd4 4. Nxd4 Nf6 5. Nc3 d6 6. Be3 Be7 7. f3 Nc6 8. Qd2
a6 9. O-O-O h5 10. h4 Bd7 11. Bd3 Ne5 12. Rdg1 b5 13. Kb1 Qa5 14. Qe2 b4 15.
Nd1 Nxd3 16. Qxd3 e5 17. Nb3 Qb5 18. Qd2 d5 19. exd5 Nxd5 20. Bf2 Be6 21. Ne3
Nf4 22. Nc1 a5 23. g4 a4 24. Nf5 Bxf5 25. gxf5 Bf6 26. Nd3 b3 27. Nxf4 exf4 28.
Bd4 bxc2+ 29. Qxc2 Bxd4 30. Rd1 O-O 0-1

[Event "Lichtenrader Herbst"]
[Site "?"]
[Date "2008.10.25"]
[Round "8.6"]
[White "Dauth, Benjamin"]
[Black "Schulz, Petra"]
[Result "1-0"]
[WhiteElo "2266"]
[BlackElo "2101"]
[PlyCount "160"]
[EventDate "2008.??.??"]

1. e4 e6 2. d4 d5 3. exd5 exd5 4. Qf3 Be6 5. Bd3 Qf6 6. Bf4 Qxd4 7. Nc3 Nf6 8.
Bxc7 Bb4 9. O-O-O Qg4 10. Bxb8 Qxf3 11. Nxf3 Rxb8 12. Nb5 O-O 13. h3 Bc5 14.
Nbd4 Bd7 15. c3 Rfe8 16. Rhe1 Rxe1 17. Rxe1 Nh5 18. Ne5 Nf4 19. Bf1 Be8 20.
Nef3 Bd7 21. Kd2 f6 22. b4 Bf8 23. Nc2 a5 24. a3 Rc8 25. Nfd4 g6 26. Ne3 Kf7
27. Rb1 axb4 28. axb4 Ra8 29. Kc1 Ra2 30. Ndc2 Be6 31. Rb2 Ra8 32. Rb1 Ra2 33.
Rb2 Ra8 34. Nd4 Ra1+ 35. Rb1 Ra2 36. g3 Nh5 37. Rb2 Ra1+ 38. Kd2 Bh6 39. Bg2
Rg1 40. Bf3 Ng7 41. Nxe6 Kxe6 42. Bxd5+ Kd6 43. Be4 Kc7 44. Rb1 Rxb1 45. Bxb1
f5 46. Ba2 Ne8 47. f4 Bg7 48. Bg8 Nf6 49. Nd5+ Nxd5 50. Bxd5 h6 51. Bf7 g5 52.
Be6 gxf4 53. gxf4 Kd6 54. Bxf5 b6 55. Kd3 Bf6 56. c4 Bh4 57. Ke4 Be1 58. b5 Ke7
59. Bg4 Bb4 60. Kf5 Bd6 61. Bh5 Bc7 62. c5 bxc5 63. Be2 Bb8 64. Bc4 Bc7 65. Ke4
Kd6 66. Bg8 Ba5 67. Kd3 Bd8 68. Kc4 Bh4 69. Bd5 Bg3 70. f5 Ke5 71. Be6 Kd6 72.
Bc8 Kc7 73. Ba6 Bd6 74. Kd5 Bf8 75. f6 Kb6 76. h4 h5 77. Ke5 Bh6 78. Kf5 c4 79.
Ke5 Kc5 80. f7 c3 1-0

[Event "Lichtenrader Herbst"]
[Site "?"]
[Date "2008.10.25"]
[Round "8.7"]
[White "Davydov, Ruven"]
[Black "Gruzmann, Boris"]
[Result "1-0"]
[WhiteElo "1865"]
[BlackElo "2254"]
[PlyCount "89"]
[EventDate "2008.??.??"]

1. d4 Nf6 2. c4 d6 3. Nc3 Bf5 4. Bg5 Nbd7 5. Nf3 h6 6. Bh4 g5 7. Bg3 Bg7 8. e3
Ne4 9. Nxe4 Bxe4 10. Bd3 Nf6 11. Bxe4 Nxe4 12. Qd3 f5 13. Nd2 Nxd2 14. Qxd2 e5
15. f3 Qe7 16. O-O-O O-O-O 17. Rhe1 Qf7 18. Qc2 Rhe8 19. dxe5 dxe5 20. e4 f4
21. Bf2 Rxd1+ 22. Rxd1 Rd8 23. Rxd8+ Kxd8 24. Bxa7 b6 25. c5 bxc5 26. b3 g4 27.
Bxc5 gxf3 28. gxf3 Qh5 29. Qe2 Bf6 30. a4 Be7 31. Qd3+ Ke8 32. Qb5+ Kf7 33. Qd7
Qxf3 34. Qxe7+ Kg8 35. Qe8+ Kh7 36. Qf7+ Kh8 37. Qf6+ Kh7 38. Qf5+ Kg8 39. Qg6+
Kh8 40. Qxh6+ Kg8 41. Qe6+ Kh7 42. Qxe5 Qf1+ 43. Kb2 Qe2+ 44. Ka3 f3 45. Qxc7+
1-0

[Event "Lichtenrader Herbst"]
[Site "?"]
[Date "2008.10.25"]
[Round "8.8"]
[White "Richter, Götz"]
[Black "Boewer, Roland"]
[Result "0-1"]
[WhiteElo "1963"]
[BlackElo "2238"]
[PlyCount "140"]
[EventDate "2008.??.??"]

1. e4 c5 2. Nf3 d6 3. d4 cxd4 4. Nxd4 Nf6 5. Nc3 a6 6. Be3 e6 7. f4 Qc7 8. Qf3
b5 9. Bd3 Bb7 10. g4 Nc6 11. O-O-O Nd7 12. Rhf1 O-O-O 13. Qf2 Kb8 14. Kb1 Nc5
15. Nb3 Nb4 16. Bd4 Nbxd3 17. cxd3 Rc8 18. Qd2 Nxb3 19. axb3 Be7 20. Rc1 Qd7
21. Na2 Bf6 22. Bf2 Rxc1+ 23. Rxc1 Rc8 24. g5 Rxc1+ 25. Qxc1 Be7 26. Qc3 Bf8
27. Bd4 d5 28. e5 Qc6 29. Qxc6 Bxc6 30. b4 Be7 31. Kc2 Kb7 32. Kc3 Bd8 33. Bc5
f6 34. gxf6 gxf6 35. Kd4 Be8 36. Nc1 Bg6 37. Nb3 Kc6 38. Bf8 fxe5+ 39. fxe5 Bh4
40. Bh6 Be1 41. Bd2 Bf2+ 42. Kc3 d4+ 43. Kc2 Kd5 44. Bf4 Be1 45. Nd2 Bf5 46.
Kd1 Bh4 47. Kc2 Be7 48. Nf1 Bxb4 49. Ng3 Bg6 50. h4 h5 51. Ne2 Be1 52. Bh2 Bf7
53. Nf4+ Kc5 54. Ng2 Ba5 55. Bg3 Bc7 56. Nf4 a5 57. Nh3 Bd8 58. Ng5 Bxg5 59.
hxg5 a4 60. Bh4 Bg6 61. Be1 Kd5 62. Bg3 Bf5 63. Bf4 h4 64. Bh2 b4 65. Bf4 h3
66. Bg3 a3 67. bxa3 bxa3 68. Kb3 Bxd3 69. Kxa3 Bf5 70. Kb2 Ke4 0-1

[Event "Lichtenrader Herbst"]
[Site "?"]
[Date "2008.10.25"]
[Round "8.9"]
[White "Meißner, Hans-Jürgen"]
[Black "Hein, Carsten"]
[Result "1-0"]
[WhiteElo "2216"]
[BlackElo "2154"]
[PlyCount "147"]
[EventDate "2008.??.??"]

1. d4 Nf6 2. Nf3 g6 3. c4 Bg7 4. Nc3 d5 5. e3 O-O 6. b4 c6 7. Bb2 Bg4 8. h3
Bxf3 9. Qxf3 dxc4 10. Bxc4 Nbd7 11. O-O e5 12. Rfd1 exd4 13. Rxd4 Qe7 14. Bb3
a5 15. bxa5 Rxa5 16. Rad1 Nc5 17. Bc4 Nfd7 18. R4d2 Ne5 19. Qe2 b5 20. Bb3 b4
21. Nb1 Ne4 22. Rc2 Rc5 23. Bd4 Ra5 24. Bxe5 Rxe5 25. Rxc6 Bh6 26. Rd5 Nxf2 27.
Rxe5 Nxh3+ 28. gxh3 Qxe5 29. Qf3 Bxe3+ 30. Kf1 Bg5 31. Ra6 Kg7 32. Ra7 Bf6 33.
Nd2 Qa1+ 34. Qd1 Qc3 35. Nf3 Qe3 36. Rd7 Bc3 37. Qd3 Qf4 38. Kg2 Kh6 39. Rd5 f5
40. Rd7 Re8 41. Bd1 Re3 42. Qd6 Qxd6 43. Rxd6 Re7 44. Kf2 Ra7 45. Bb3 Kh5 46.
Rd5 Re7 47. Rc5 Bf6 48. Rc6 Bc3 49. a4 Rd7 50. Rc4 Kh6 51. Rc5 Bf6 52. Rb5 Be7
53. Ne5 Rc7 54. Nc4 Bh4+ 55. Ke2 Re7+ 56. Re5 Rf7 57. a5 f4 58. Nd2 Rc7 59. a6
Bf6 60. Re6 Bd4 61. Re4 Be3 62. Rxb4 Rc5 63. Nc4 Rc6 64. Nxe3 Rxa6 65. Rxf4 Rb6
66. Bc2 Kh5 67. Rc4 Kh6 68. Rc5 Kg7 69. Ng4 h5 70. Rc7+ Kf8 71. Ne3 g5 72. Rh7
h4 73. Rh5 Rb5 74. Bf5 1-0

[Event "Lichtenrader Herbst"]
[Site "?"]
[Date "2008.10.25"]
[Round "8.10"]
[White "Poseck, Steffen"]
[Black "Behrmann, Joachim"]
[Result "1/2-1/2"]
[WhiteElo "2092"]
[BlackElo "2204"]
[PlyCount "34"]
[EventDate "2008.??.??"]

1. Nf3 d5 2. b3 c5 3. e3 e6 4. Bb5+ Bd7 5. Bxd7+ Nxd7 6. Bb2 Ngf6 7. c4 Bd6 8.
cxd5 exd5 9. Qe2 O-O 10. O-O Rc8 11. d3 Qe7 12. Nbd2 Rfe8 13. Rfe1 Bb8 14. g3
Qe6 15. Nh4 Be5 16. Bxe5 Qxe5 17. f4 Qb2 1/2-1/2

[Event "Lichtenrader Herbst"]
[Site "?"]
[Date "2008.10.25"]
[Round "8.11"]
[White "Schulz, Michael"]
[Black "Hämmerlein, Thomas"]
[Result "1/2-1/2"]
[WhiteElo "2052"]
[BlackElo "2179"]
[PlyCount "117"]
[EventDate "2008.??.??"]

1. e4 c5 2. Nf3 g6 3. d4 Bg7 4. Nc3 cxd4 5. Nxd4 Nc6 6. Be3 Nf6 7. Bc4 O-O 8.
Bb3 a5 9. f3 d6 10. Qd2 Nd7 11. Bxf7+ Rxf7 12. Ne6 Qe8 13. Nc7 Qd8 14. Nxa8
Nce5 15. Qe2 a4 16. Qb5 a3 17. Nd5 axb2 18. Rd1 Nb8 19. Nab6 e6 20. Nb4 Qh4+
21. Ke2 Qd8 22. Nd3 Nbc6 23. Nxb2 Qc7 24. Nxc8 Qxc8 25. Rxd6 Qe8 26. a4 Bf8 27.
Rdd1 Qc8 28. Nd3 Nd7 29. Rb1 Bh6 30. c3 Bxe3 31. Kxe3 Qf8 32. h3 Qh6+ 33. Ke2
Qg7 34. Rhc1 Qf6 35. Qxb7 Nde5 36. Qb5 Qg5 37. Rg1 Qg3 38. Nxe5 Nxe5 39. Qe8+
Kg7 40. Qxe6 Nxf3 41. gxf3 Qxf3+ 42. Kd2 Qf2+ 43. Kd3 Rf3+ 44. Kc4 Qa2+ 45. Rb3
Qxa4+ 46. Kc5 Qa5+ 47. Kd4 Qa7+ 48. Qb6 Qd7+ 49. Kc4 Kh6 50. Qd4 Qa4+ 51. Rb4
Qa2+ 52. Kb5 Rf8 53. Qe3+ Kg7 54. Rgb1 Rb8+ 55. Kc5 Rc8+ 56. Kb6 Qe6+ 57. Ka7
Qa2+ 58. Kb6 Qe6+ 59. Ka7 1/2-1/2